|
|
|
|
| LEADER |
00000nam a2200000 4500 |
| 001 |
vtls012273701 |
| 003 |
SK-MaSNL |
| 005 |
20260301192737.0 |
| 007 |
co cg upuuu |
| 008 |
250320s2024 xo odalfsn 100 0 slo |
| 020 |
|
|
|a 9788022834568
|q (elektronická kniha)
|
| 040 |
|
|
|a SNK
|b slo
|c SNK
|e rda
|
| 041 |
0 |
|
|a slo
|
| 044 |
|
|
|a xo
|c SK
|
| 072 |
|
7 |
|a 614.84
|x Požiare. Ochrana pred požiarmi
|2 konspekt
|
| 080 |
|
|
|a 614.84
|2 2011
|
| 080 |
|
|
|a 004.94
|2 2011
|
| 080 |
|
|
|a 004.89:[001.126-029:6]
|2 2011
|
| 080 |
|
|
|a (0.034.44)
|2 2011
|
| 080 |
|
|
|a (0.034.2)
|2 2011
|
| 080 |
|
|
|a (062.534)
|2 2011
|
| 111 |
2 |
|
|a Návrh smart riešení prepojenia výsledkov požiarneho skúšobníctva s počítačom podporovaným modelovaním pre zvýšenie kvality výstupov bezpečnostného výskumu
|n (2. :
|d 2024 :
|c Zvolen, Slovensko)
|4 aut
|9 571271
|
| 245 |
1 |
0 |
|a Návrh smart riešení prepojenia výsledkov požiarneho skúšobníctva s počítačom podporovaným modelovaním pre zvýšenie kvality výstupov bezpečnostného výskumu
|b 2. vedecký seminár k projektu APVV-22-0030 : zborník pozvaných prednášok, 15. október 2024, B4, Technická univerzita vo Zvolene, Drevárska fakulta, T. G. Masaryka 2117/24, 960 01 Zvolen
|
| 250 |
|
|
|a I. vydanie
|
| 264 |
|
1 |
|a Zvolen
|b Technická univerzita vo Zvolene
|c 2024
|
| 300 |
|
|
|a 1 CD-ROM
|b farebný
|c 12 cm
|
| 336 |
|
|
|a text
|b txt
|2 rdacontent
|
| 337 |
|
|
|a počítač
|b c
|2 rdamedia
|
| 338 |
|
|
|a počítačový súbor
|b cd
|2 rdacarrier
|
| 347 |
|
|
|a textový súbor
|b PDF
|c 19,9 MB
|2 rda
|
| 500 |
|
|
|a Názov z titulnej obrazovky
|
| 504 |
|
|
|a Obsahuje bibliografiu za jednotlivými príspevkami
|
| 650 |
0 |
7 |
|a požiarna ochrana
|2 SNKPH
|9 1501
|
| 650 |
0 |
7 |
|a počítačové modelovanie
|2 SNKPH
|9 68153
|
| 650 |
0 |
7 |
|a inteligentné technológie
|2 SNKPH
|9 89994
|
| 650 |
0 |
7 |
|a Fire protection
|2 SNKPHeng
|9 265684
|
| 650 |
0 |
7 |
|a Computer modeling
|2 SNKPHeng
|9 316100
|
| 650 |
0 |
7 |
|a Smart technologies
|2 SNKPHeng
|9 344384
|
| 655 |
|
7 |
|a CD-ROM
|2 SNKPH
|9 70236
|
| 655 |
|
7 |
|a elektronické zdroje
|2 SNKPH
|9 90954
|
| 655 |
|
7 |
|a Electronic resources
|2 SNKPHeng
|9 175546
|
| 655 |
|
7 |
|a Proceedings of conferences
|2 SNKPHeng
|9 265791
|
| 655 |
|
7 |
|a zborníky konferencií
|2 SNKPH
|9 70153
|
| 700 |
1 |
|
|a Martinka, Jozef,
|d 1983-
|4 rev
|9 219149
|
| 700 |
1 |
|
|a Makovická Osvaldová, Linda,
|d 1980-
|4 rev
|9 190597
|
| 700 |
1 |
|
|a Kačíková, Danica,
|d 1964-
|4 rev
|9 219285
|
| 710 |
2 |
|
|a Technická univerzita vo Zvolene.
|b Drevárska fakulta.
|b Katedra protipožiarnej ochrany
|4 pbl
|9 86711
|
| 852 |
|
|
|a Slovenská národná knižnica
|
| 919 |
|
|
|a 978-80-228-3456-8
|
| 958 |
|
|
|a NB
|
| 999 |
|
|
|c 875005
|d 876935
|
| 952 |
|
|
|a SNK
|b SNK
|y NEVYP
|7 1
|p 17A1566073
|o snkSCDM 13609
|i snk2025/5047
|8 0
|0 0
|1 0
|4 0
|d 2025-03-20
|l 0
|r 2026-02-24 05:55:27
|w 2026-02-24
|